Statistiques concernant Villes au bord d'étendues d'eau choix multiples

Cliquez ici pour prendre le quiz!

Statistiques générales

  • Ce quiz a été pris 12 fois
  • Le résultat moyen est 84 sur 180

Statistiques - réponses

QuestionTuileSelect% Correct
Mer ÉgéeBeyrouthNon
100%
Mer ÉgéeAntalyaNon
92%
Lac OntarioToledoNon
92%
Lac OntarioTorontoOui
92%
Lac OntarioBostonNon
83%
Mer ÉgéeBursaNon
83%
Mer ÉgéePatrasNon
83%
Mer ÉgéeThessaloniqueOui
83%
Mer ÉgéeAthènesOui
75%
Mer NoireBucarestNon
75%
Lac OntarioBuffaloNon
75%
Mer NoireDonetskNon
75%
Golfe du ThailandeHô Chi Minh-VilleNon
75%
Mer NoireOdessaOui
75%
Mer des BaléaresAlgerNon
67%
Golfe du ThailandeBangkokOui
67%
Mer d'IrlandeBristolNon
67%
DanubeBudapestOui
67%
Golfe PersiqueChirazNon
67%
LoireCholetNon
67%
DanubeCluj-NapocaNon
67%
Lac MichiganColumbusNon
67%
Lac MichiganFort WayneNon
67%
Golfe de FinlandeHelsinkiOui
67%
Mer ÉgéeIzmirOui
67%
Golfe de CalifornieLas VegasNon
67%
LoireMoulinsNon
67%
Mer ÉgéeNicosieNon
67%
Golfe de CaliforniePhoenixNon
67%
Golfe de CalifornieSacramentoNon
67%
Golfe de FinlandeTurkuNon
67%
Golfe PersiqueBagdadNon
58%
Mer des BaléaresBarcelonaOui
58%
Lac LémanBerneNon
58%
AmazoneBoa VistaNon
58%
Lac LémanChambéryNon
58%
Lac MichiganChicagoOui
58%
Lac OntarioClevelandNon
58%
Mer RougeDjeddahOui
58%
Golfe PersiqueDjeddahNon
58%
Mer d'IrlandeDublinOui
58%
AmazoneFortalezaNon
58%
Golfe de CalifornieFresnoNon
58%
Mer d'IrlandeGlasgowNon
58%
Lac VictoriaGomaNon
58%
Lac MichiganGrand RapidsNon
58%
MississippiIndianapolisNon
58%
Mer RougeKhartoumNon
58%
Golfe du ThailandeKuala LumpurNon
58%
Fleuve CongoLuandaNon
58%
Lac MichiganMadisonNon
58%
DanubeMunichNon
58%
Lac VictoriaNairobiNon
58%
MississippiNashvilleNon
58%
AmazoneNatalNon
58%
Golfe du ThailandePattayaOui
58%
Golfe du ThailandePhnom PenhNon
58%
Golfe PersiqueRiyadNon
58%
Mer RougeSanaaNon
58%
Golfe de CalifornieSan FranciscoNon
58%
Mer NoireSébastopolOui
58%
Golfe du ThailandeSiem ReapNon
58%
Lac LémanSionNon
58%
Mer NoireSotchiOui
58%
Golfe de FinlandeStockholmNon
58%
Mer CaspienneTachkentNon
58%
Golfe de FinlandeTampereNon
58%
DanubeVienneOui
58%
Golfe de FinlandeVisbyNon
58%
DanubeZagrebNon
58%
Mer des BaléaresAlicanteNon
50%
Mer RougeAsmaraNon
50%
Mer CaspienneBakouOui
50%
AmazoneBelémNon
50%
Fleuve CongoBrazzavilleOui
50%
MississippiDes MoinesNon
50%
Lac VictoriaDjoubaNon
50%
Lac VictoriaDodomaNon
50%
Golfe PersiqueDohaOui
50%
Golfe PersiqueDubaïOui
50%
Lac LémanGenèveOui
50%
Lac VictoriaGitegaNon
50%
Mer ÉgéeHéraklionOui
50%
Fleuve CongoKanangaNon
50%
Fleuve CongoKinshasaOui
50%
Golfe PersiqueKoweïtOui
50%
Mer RougeLa MecqueNon
50%
LoireLe MansNon
50%
Mer d'IrlandeLiverpoolOui
50%
MississippiLouisvilleNon
50%
Fleuve CongoLubumbashiNon
50%
Mer des BaléaresMalagaNon
50%
AmazoneManausOui
50%
LoireNantesOui
50%
Mer des BaléaresPalmaOui
50%
Mer des BaléaresPerpignanNon
50%
Mer RougePort-SoudanOui
50%
Mer du JaponPyongyangNon
50%
Golfe de FinlandeRigaNon
50%
MississippiSaint-LouisOui
50%
Golfe de CalifornieSan DiegoNon
50%
AmazoneSao LuisNon
50%
Mer du JaponShanghaiNon
50%
DanubeSofiaNon
50%
Mer CaspienneTéhéranNon
50%
Lac MichiganThunder BayNon
50%
Mer des BaléaresValenceOui
50%
LoireAngersNon
42%
Lac LémanAnnecyNon
42%
MississippiBâton-RougeOui
42%
DanubeBratislavaOui
42%
Mer du JaponBusanOui
42%
Lac VictoriaButemboNon
42%
Mer d'IrlandeCardiffNon
42%
Mer CaspienneGorganNon
42%
MississippiKansas CityNon
42%
Lac LémanLausanneOui
42%
Golfe PersiqueManamaOui
42%
Mer d'IrlandeManchesterNon
42%
MississippiMemphisOui
42%
Lac MichiganMilwaukeeOui
42%
MississippiMinneapolisOui
42%
Lac LémanMontreuxOui
42%
LoireOrléansOui
42%
Mer RougeSuezOui
42%
Golfe de FinlandeTallinnOui
42%
Mer du JaponTokyoNon
42%
LoireToursOui
42%
Mer NoireVarnaOui
42%
Mer du JaponVladivostokOui
42%
Mer CaspienneVolgogradNon
42%
Mer NoireConstantaOui
33%
Lac OntarioDétroitNon
33%
Mer RougeDjiboutiNon
33%
Lac LémanÉvian-les-BainsOui
33%
Golfe de CalifornieLos AngelesNon
33%
Golfe du ThailandePhuketNon
33%
Golfe de FinlandeSaint-PétersbourgOui
33%
Golfe de CalifornieTijuanaNon
33%
Mer CaspienneAchgabatNon
25%
Mer d'IrlandeBlackpoolOui
25%
Mer d'IrlandeDouglasOui
25%
Lac OntarioHamiltonOui
25%
Lac VictoriaKampalaOui
25%
Fleuve CongoKisanganiOui
25%
Golfe de CalifornieLa PazOui
25%
DanubeLinzOui
25%
AmazoneMacapaOui
25%
DanubeNovi SadOui
25%
Lac LémanNyonOui
25%
Mer du JaponPohangOui
25%
Fleuve CongoPointe-NoireNon
25%
Mer des BaléaresTarragoneOui
25%
Mer NoireTrabzonOui
25%
LoireBloisOui
17%
Golfe PersiqueDammamOui
17%
Lac MichiganGreen BayOui
17%
Lac VictoriaKisumuOui
17%
Lac VictoriaMwanzaOui
17%
LoireNeversOui
17%
Mer du JaponNiigataOui
17%
Lac OntarioRochesterOui
17%
AmazoneSantarémOui
17%
Mer du JaponSapporoOui
17%
Mer CaspienneAktaouOui
8%
Mer CaspienneBandar-e AnzaliOui
8%
Fleuve CongoBumbaOui
8%
Mer des BaléaresDéniaOui
8%
Mer d'IrlandeDundalkOui
8%
Lac MichiganGaryOui
8%
Mer RougeHurghadaOui
8%
AmazoneIquitosOui
8%
Lac OntarioKingstonOui
8%
Mer du JaponKitakyushuOui
8%
Golfe de FinlandeKotkaOui
8%
Mer CaspienneMakhatchkalaOui
8%
Fleuve CongoMatadiOui
8%
Golfe du ThailandeRayongOui
8%
Mer NoireSamsunOui
8%
Golfe du ThailandeSihanoukvilleOui
8%

Distribution des résultats

Percentile par nombre de réponses

% des personnes avec chaque résultat

Votre développement - résultats

Vous n’avez pas pris ce quiz